| 000 | 00341 a2200145 4500 | ||
|---|---|---|---|
| 001 | 62828 | ||
| 020 | _a9788547200909 | ||
| 040 | _cAnchieta - Pituba | ||
| 240 | 1 | 0 |
_aJornadas.cie 9º Ano _lpor |
| 245 | 1 | 0 | _aJornadas.cie 9º Ano |
| 300 | _a414 | ||
| 362 | 0 | _a2016 | |
| 650 | 4 | _aBIOLOGIA, CIÊNICAS DA VIDA (CIÊNCIAS NATURAIS) | |
| 942 | _cBK | ||
| 999 |
_c62828 _d62828 |
||